000
00397nam a2200145Ia 4500
008
100122s9999 xx 000 0 und d
082
_b
53120
_a
928
100
_a
गस्ती भीमराव
245
_a
आक्रोश
260
_b
राजहंस प्रकाशन
_c
1993
300
_a
390
630
_a
आक्रोश
730
_a
आक्रोश
942
_c
BOOK
999
_c
430237
_d
430234